| 000 | 00846nam0a22002651 4500 | ||
|---|---|---|---|
| 001 | RU\INFOCOMM_317\NLR\5000026969 | ||
| 005 | 20250614080736.0 | ||
| 010 |
_918000 экз. _a5-05-003810-3 |
||
| 035 | _a(NLR Aleph) 010612939 | ||
| 090 |
_a10577273 _c10577273 |
||
| 100 | _a20130326d1991 |||y0rusy50 ca | ||
| 101 | 1 |
_afre _crus |
|
| 102 | _aRU | ||
| 105 | _ay z|||| | ||
| 200 | 1 |
_aLa renarde et le lièvre _e[Conte russe _fTrad. du russe par Catherine Emery _gIll. de Evguéni Ratchev] |
|
| 210 |
_aM. _cRadouga _d1991 |
||
| 215 |
_a12 с. _cцв. ил. _d28 см |
||
| 300 | _aВ вып. дан.: Лиса и заяц: Рус. нар. сказка | ||
| 620 | _aМосква | ||
| 686 |
_aДл760 _2rubbk |
||
| 801 | 1 |
_aRU _bInfocomm _c20130326 |
|
| 801 | 0 |
_aRU _bINFOCOMM _gPSBO |
|
| 852 |
_aNLR _jДл01 Д-8/2025 |
||
| 942 | _cBOOK | ||
| 980 | _aNB | ||